LEADER 01113nam--2200373---450- 001 990003007360203316 005 20151112113759.0 035 $a000300736 035 $aUSA01000300736 035 $a(ALEPH)000300736USA01 035 $a000300736 100 $a20071108d1946----km-y0itay50------ba 101 $aita 102 $aIT 105 $a||||||||001yy 200 1 $aAntologia delle letterature straniere$fMario Praz, Ettore Lo Gatto 210 $aFirenze$cSansoni$d[stampa 1946] 215 $avolumi$d21 cm 327 1 $a<> : VIII, 454 p. - < : 448-1146 p. ; 606 0 $aLetteratura$xAntologie 676 $a808.8 700 1$aPRAZ,$bMario$011364 701 1$aLO GATTO,$bEttore$05182 801 0$aIT$bsalbc$gISBD 912 $a990003007360203316 951 $aFC M 845/1$bFC$cM II 951 $aFC M 845/2$bFC$cM II 959 $aBK 969 $aDILAM 979 $aDILAM$b90$c20071108$lUSA01$h0948 979 $aDILAM1$b90$c20080605$lUSA01$h1126 979 $aALESSANDRA$b90$c20151112$lUSA01$h1137 996 $aAntologia delle letterature straniere$9105403 997 $aUNISA LEADER 01200nas--2200385---450- 001 990003387770203316 005 20100415141028.0 011 $a1964-9002 035 $a000338777 035 $aUSA01000338777 035 $a(ALEPH)000338777USA01 035 $a000338777 100 $a20100415a20089999km-y0itaa50------ba 101 0 $afre 102 $aFR 110 $aahazz--|||| 200 1$a<> GéoGraphie [2008]$eterre des hommes 210 $aGrenoble$cEd. Glénat$d2008-2009 215 $av.$cill.$d28 cm 326 $aTrimestrale 430 1$1001000207145$12001$aLa Géographie: acta geographica 606 0 $aGeografia$xPeriodici 676 $a910.05 801 0$aIT$bsalbc$gISBD 912 $a990003387770203316 958 $aUMA$bFondo$cn.1 (hiver 2008)= n. 1528- n.7 (hiver 2009)= n. 1534. 959 $aSE 979 $aVITTORIANA$b90$c20100415$lUSA01$h1255 979 $aVITTORIANA$b90$c20100415$lUSA01$h1321 979 $aVITTORIANA$b90$c20100415$lUSA01$h1324 979 $aVITTORIANA$b90$c20100415$lUSA01$h1408 979 $aVITTORIANA$b90$c20100415$lUSA01$h1409 979 $aVITTORIANA$b90$c20100415$lUSA01$h1410 996 $aGeographica$956866 997 $aUNISA LEADER 02054nam 2200601 a 450 001 9910456999503321 005 20200520144314.0 010 $a1-78402-281-0 010 $a1-283-13318-0 010 $a9786613133182 010 $a0-7486-4600-0 035 $a(CKB)2550000000036712 035 $a(EBL)714148 035 $a(OCoLC)730151849 035 $a(SSID)ssj0000523984 035 $a(PQKBManifestationID)12205540 035 $a(PQKBTitleCode)TC0000523984 035 $a(PQKBWorkID)10546261 035 $a(PQKB)11373841 035 $a(MiAaPQ)EBC714148 035 $a(Au-PeEL)EBL714148 035 $a(CaPaEBR)ebr10477153 035 $a(CaONFJC)MIL313318 035 $a(EXLCZ)992550000000036712 100 $a20110623d2011 uy 0 101 0 $aeng 135 $aur|n|---||||| 181 $ctxt 182 $cc 183 $acr 200 04$aThe Lyotard dictionary$b[electronic resource] /$fedited by Stuart Sim 210 $aEdinburgh $cEdinburgh University Press$d2011 215 $a1 online resource (265 p.) 300 $aDescription based upon print version of record. 311 $a0-7486-4005-3 311 $a0-7486-4006-1 320 $aIncludes bibliographical references. 327 $aCover; Copyright; Contents; Acknowledgements; Abbreviations; Introduction; Entries A-Z; Bibliography; Notes on Contributors 330 $aDrawing on a multidisciplinary team of experts, The Lyotard Dictionary provides a clear and accessible introduction to all of his main concepts, contextualising these within his work as a whole and relating him to his contemporaries. 606 $aPostmodernism$vDictionaries 606 $aPhilosophy, French$y20th century$vDictionaries 608 $aElectronic books. 615 0$aPostmodernism 615 0$aPhilosophy, French 676 $a194 701 $aSim$b Stuart$0144074 801 0$bMiAaPQ 801 1$bMiAaPQ 801 2$bMiAaPQ 906 $aBOOK 912 $a9910456999503321 996 $aThe Lyotard dictionary$92157416 997 $aUNINA